000 00450nam a2200145 i 4500
001 145649
003 ES-MaACL
007 t|
008 071015s1923 gw ||||1| ger d
100 1 _aVermeil, Edmond.
_9114151
245 1 3 _aLa constitution de Weimar et le principe de la démocratie allemande /
_cEdmond Vermeil.
260 _aStrasbourg :
_b[s.n.],
_c1923 (
_fImpr. Alsacienne)
300 _aXII, 473 p. ;
_c26 cm.
852 _aES-MaACL
_jB-4544
999 _c145649
_d145649